<?xml version="1.0" encoding="UTF-8"?>
<marc:record xmlns:marc="http://www.loc.gov/MARC21/slim">
   <marc:leader>00000nam a2200000 a 4500</marc:leader>
   <marc:datafield ind1="1" ind2=" " tag="100">
      <marc:subfield code="a">Conte Corti, Egon Cäsar</marc:subfield>
      <marc:subfield code="4">aut</marc:subfield>
      <marc:subfield code="e">Verfasser/-in</marc:subfield>
   </marc:datafield>
   <marc:datafield ind1="0" ind2="0" tag="245">
      <marc:subfield code="a">Maximilian von Mexiko</marc:subfield>
   </marc:datafield>
   <marc:datafield ind1="0" ind2="0" tag="245">
      <marc:subfield code="c">Conte Corti, Egon Cäsar</marc:subfield>
   </marc:datafield>
   <marc:datafield ind1=" " ind2="1" tag="264">
      <marc:subfield code="a">Wien</marc:subfield>
      <marc:subfield code="b">Kremayr &amp; Scheriau GmbH &amp; Co. KG</marc:subfield>
      <marc:subfield code="c">1978</marc:subfield>
   </marc:datafield>
   <marc:datafield ind1="1" ind2=" " tag="520">
      <marc:subfield code="a">Mexiko, 12.Juni 1864: Auf Veranlassung konservativer und klerikaler Kreise, die ihm die Kaiserkrone angeboten haben, zieht Maximilian, jüngerer Bruder Franz Josephs I., in der Hauptstadt ein. Fast genau drei Jahre später, bricht er in Queretaro unter den Kugeln eines republikanischen Hinrichtungskommandos zusammen. Dieses Buch bringt den erschütternden Lebensbericht eines Mannes, dessen Tragödie es war, den Frieden zu wollen und an den politischen Gegebenheiten zu scheitern.</marc:subfield>
   </marc:datafield>
   <marc:datafield ind1=" " ind2=" " tag="041">
      <marc:subfield code="a">ger</marc:subfield>
   </marc:datafield>
   <marc:datafield ind1=" " ind2=" " tag="338">
      <marc:subfield code="a">Band</marc:subfield>
   </marc:datafield>
   <marc:datafield ind1=" " ind2=" " tag="300">
      <marc:subfield code="a">319</marc:subfield>
   </marc:datafield>
</marc:record>
